000 00602nam a2200205 i 4500
001 8605
003 ES-MaACL
005 20250525063028.0
008 920812s1988 sp ||||1| spa d
020 _a84-7644-036-7
080 _a86-22"19"
100 1 _aDiosdado, Ana
_944865
245 1 0 _aCuplé /
_cAna Diosdado.
260 _aMadrid :
_bAntonio Machado,
_c1988.
300 _a111 p. ;
_c17 cm.
490 1 _aBiblioteca Antonio Machado de teatro ;
_v29
830 1 _aBiblioteca Antonio Machado de teatro ;
_v29
_9178191
852 _aES-MaACL
_jL-16011
999 _c8605
_d8605